000 00693nam a2200265Ia 4500
003 OSt
005 20220912150600.0
006 a|||||r|||| 00| 0
007 ta
008 220909b |||||||| |||| 00| 0 eng d
024 _a38839
037 _cTextual
040 _aCSL
_beng
_cCSL
041 _aeng
082 _aE3, J91.17,2
100 _aKolthoff I M
245 0 _aTreatise on analytical chemistry
260 _aNew York
_b John-Wiley
_c1959
300 _axiv, 388p.
_ccm.
650 _a Analytical chemistry
650 _aChemistry
700 _a Elving P J
942 _hE3, J91.17,2
_cTEXL
_2CC
999 _c50561
_d50561